000 00783nas a2200265 4500
001 BR9705492
003 BR-BrBNA
005 20231205100634.0
007 ta
008 230509b bl.|||p| |||| 00| 00por d
040 _aBR-BrBNA
_bpor
_cBiblioteca Nacional de Agricultura
041 _a(Pt)
072 _aF61
100 1 _aFiorin, J.E.
100 1 _aReinert, D.J.
100 1 _aAlbuquerque, J.A.
245 1 _aArmazenamento de agua no solo e crescimento e producao do milho
650 _aMilho
650 _aCrescimento
650 _aAgua do Solo
650 _aRendimento
773 0 _tRevista Brasileira de Ciencia do Solo (Brazil)
_xISSN 0100-0683
_g(Apr-Jun 1997), v. 21(2) p. 249-255
_wBR9705492
909 _a202311
_bLúcia
_c55
_dLúcia Elande
942 _2AGRIS
_n0
_cANA
999 _c157162
_d157162